00377 a2200169 450000100060000002000150000604000370002110000270005824000200008524500150010530000080012036200090012844000130013765000330015094200070018399900170019073366 a8526251599 cAnchieta - Colégio São Paulo aPorto, Dinorah Polleto10aCiênciaslpor10aCiências a2710 a2004 1aScipione 4aCiência da vida - Biologia cBK c73366d73366